| 000 | 00719nam a22002297a 4500 | ||
|---|---|---|---|
| 005 | 20170124105924.0 | ||
| 010 | _a228791 | ||
| 020 | _c20.00 | ||
| 035 | _a228791 | ||
| 037 | _bCen Lib/Ret | ||
| 040 |
_aDPL _bEN |
||
| 082 |
_a025.1710954 _bGHO |
||
| 100 |
_aGhose, Sailen _975008 |
||
| 245 |
_aArchives in India : _cby Sailen Ghose _bhistory and assets / |
||
| 260 |
_aCalcutta _bFirma K. L. Mukhopadhyay _c1963 |
||
| 270 |
_a6/1A, Banchharam Akrur Lane _bCalcutta |
||
| 300 |
_axii,358p. : _c20cm(Hb) |
||
| 500 | _aIncludes bibliographical references and index | ||
| 650 |
_aArchival history _zIndia _975009 |
||
| 650 |
_aArchival assets _zIndia _975010 |
||
| 942 |
_2ddc _cEN _h025.1710954 _mGHO |
||
| 999 |
_c123398 _d123398 |
||